Tài liệu bồi dưỡng giáo viên môn Toán lớp 4 Bảng đơn vị đo khối lượng (tiếp theo)
Uloženo v:
| Hlavní autor: | |
|---|---|
| Médium: | Kniha |
| Jazyk: | Undetermined |
| Vydáno: |
H.
Giáo dục
|
| Témata: | |
| On-line přístup: | http://lrc.tdmu.edu.vn/opac/search/detail.asp?aID=2&ID=21135 |
| Tagy: |
Přidat tag
Žádné tagy, Buďte první, kdo otaguje tento záznam!
|
| Thư viện lưu trữ: | Trung tâm Học liệu Trường Đại học Thủ Dầu Một |
|---|
| LEADER | 00693nam a2200181Ia 4500 | ||
|---|---|---|---|
| 001 | TDMU_21135 | ||
| 008 | 210410s9999 xx 000 0 und d | ||
| 082 | |a 372.7 | ||
| 090 | |b T103 | ||
| 100 | |a Bộ giáo dục và Đào tạo | ||
| 245 | 0 | |a Tài liệu bồi dưỡng giáo viên môn Toán lớp 4 | |
| 245 | 0 | |c Bộ Giáo dục và Đào tạo | |
| 245 | 0 | |p Bảng đơn vị đo khối lượng (tiếp theo) | |
| 260 | |a H. | ||
| 260 | |b Giáo dục | ||
| 650 | |a Bảng đơn vị đo khối lượng | ||
| 856 | |u http://lrc.tdmu.edu.vn/opac/search/detail.asp?aID=2&ID=21135 | ||
| 980 | |a Trung tâm Học liệu Trường Đại học Thủ Dầu Một | ||